000
00322nam a2200145Ia 4500
008
230718s9999 xx 000 0 und d
041
_a
Eng.
082
_a
340
_b
PAK-T
100
_a
Pakistan
245
4
_a
The Law Notes
260
_a
Pakistan
_b
Pakistan Law digist
_c
2019
300
_a
626
650
_a
Law
999
_c
32877
_d
32877